Score 0/12 Timer 03:00
0 Plays Today
SCRAMBLE Answer % Correct
SOCSRCross
87.4%
ADEPSSpade
81.3%
HNCYLLynch
77.9%
WIEBOBowie
77.4%
Name in common with all the above:David or Dave
63.5%
AHCEKBMBeckham
61.1%
MAHTESTWMatthews
61%
VENINNiven
48.9%
INABLEBlaine
45.5%
YNRBEByrne
37.5%
TREALTMNELetterman
16.2%
ACORUSCaruso
11.5%

You're not logged in!

Compare scores with friends on all Sporcle quizzes.
OR
Log In

Sporcle TV

Today on Sporcle TV


Watch our educational content, quiz creation guides, and fun videos on Sporcle TV.

Show Comments

Extras

Top Quizzes Today


Score Distribution

Paid Content

Your Account Isn't Verified!

In order to create a playlist on Sporcle, you need to verify the email address you used during registration. Go to your Sporcle Settings to finish the process.

Report this User

Report this user for behavior that violates our Community Guidelines.

Details: